[Event "ARG-World"]
[Site "Buenos Aires"]
[Date "1994.??.??"]
[Round "1"]
[White "Leko, Peter"]
[Black "Casafus, Ruben Andres"]
[Result "1/2-1/2"]
[WhiteElo "2545"]
[BlackElo "2430"]
[Annotator "Ernst,T"]
[PlyCount "110"]
[EventDate "1994.04.??"]
[EventType "schev"]
[EventRounds "10"]
[EventCountry "ARG"]
[SourceTitle "CBM 042"]
[Source "ChessBase"]
[SourceDate "1994.10.01"]
[SourceVersion "1"]
[SourceVersionDate "1994.10.01"]
[SourceQuality "1"]

1. e4 e5 2. Nf3 Nf6 3. d4 Nxe4 4. Bd3 d5 5. Nxe5 Nd7 6. Nxd7 Bxd7 7. O-O Be7 8.
c4 (8. Qf3 $6 O-O 9. c3 Bd6 $10 {Timman-Yusupov/Linares(m)/1992/}) 8... c6 9.
Re1 (9. Nc3 Nxc3 10. bxc3 dxc4 11. Bxc4 O-O $14 {Xie Jun-Lelchuk,Z/Helsinki op/
1992/}) 9... Nf6 10. Nc3 Be6 11. c5 O-O 12. b4 $14 Qd7 13. Bf4 Rfe8 14. Qc2 g6
15. Ne2 Nh5 16. Be3 Bf6 17. Rab1 Ng7 18. f3 Bf5 19. Bf2 Bxd3 20. Qxd3 Qf5 21.
Qb3 a6 22. Ng3 Qf4 23. Qd3 h5 24. Rbd1 Rxe1+ 25. Rxe1 Re8 26. Rxe8+ Nxe8 27.
Ne2 Qc7 $10 28. g3 Ng7 29. h3 Qe7 30. Kg2 Kf8 31. a4 Qd7 32. g4 Kg8 33. Bg3
hxg4 34. hxg4 Ne6 35. Qe3 Qd8 36. Be5 Bxe5 37. Qxe5 Qg5 38. Qxg5 Nxg5 39. Nf4
Kg7 40. Kf2 Kf6 41. Ke3 Ke7 42. b5 axb5 43. axb5 Ne6 44. b6 Nxf4 45. Kxf4 Kf6
46. g5+ Ke6 47. Kg4 Ke7 48. Kg3 Kd7 49. Kh3 Ke7 50. Kg4 Kd7 51. f4 Ke6 52. f5+
Ke7 $1 (52... gxf5+ 53. Kf4 Ke7 54. Kxf5 Ke8 55. Kf6 Kf8 56. g6 fxg6 57. Kxg6
Ke7 58. Kg5 Ke6 59. Kg6 Ke7 60. Kg5 Ke6 61. Kg6 Ke7 62. Kf5 (62. Kg7 Ke8 63.
Kf6 Kf8 64. Ke6 Ke8 65. Kd6 Kd8 $10) 62... Kf7 63. Ke5 Ke7 $10) 53. Kf4 Kd7 54.
Ke5 Ke7 55. f6+ Kd7 1/2-1/2

[Event "Madrid"]
[Site "Madrid"]
[Date "1995.??.??"]
[Round "2"]
[White "Polgar, Judit"]
[Black "Jussupow, Artur"]
[Result "1/2-1/2"]
[WhiteElo "2630"]
[BlackElo "2660"]
[Annotator "Ernst,T"]
[PlyCount "41"]
[EventDate "1995.05.??"]
[EventType "tourn"]
[EventRounds "9"]
[EventCountry "ESP"]
[EventCategory "16"]
[SourceTitle "CBM 047"]
[Source "ChessBase"]
[SourceDate "1995.08.01"]
[SourceVersion "1"]
[SourceVersionDate "1995.08.01"]
[SourceQuality "1"]

1. e4 e5 2. Nf3 Nf6 3. d4 Nxe4 4. Bd3 d5 5. Nxe5 Nd7 6. Nxd7 Bxd7 7. O-O Bd6 8.
c4 c6 9. cxd5 cxd5 10. Qh5 (10. Nc3 Nxc3 11. bxc3 O-O $1 $146 (11... a6 12.
Re1+ Be6 13. Qh5 Qd7 14. c4 $1 $16 {Hellers,F-Wolff,P/Baguio/1987/Inf 44-377})
12. Qh5 g6 $1 (12... f5 13. Qf3 Be6 14. Re1 $14 {Hellers,F}) 13. Qxd5 Qc7 14.
Bh6 Rfe8 15. h4 Be6 16. Qf3 Qxc3 17. Qf6 Bf8 18. Bxf8 Rxf8 19. Rfd1 (19. h5 $2
Rad8 {/\ 20..Qxd4}) 19... Qa5 20. Be4 Qd8 21. Qxd8 Raxd8 $10 {Tiviakov,
S-Yusupov,A/Groningen/1994/CBM 45}) 10... O-O 11. Qxd5 (11. Nc3 $142) 11... Bc6
12. Qh5 g6 13. Qh3 {[#]} Qb6 $1 $146 (13... Rc8 14. Bxe4 Bxe4 15. Nc3 $14 {
Timman,J-Yusupov,A/Linares/1993}) 14. Nc3 Qxd4 $1 15. Bxe4 Bxe4 16. Qh4 (16.
Rd1 Qe5 $10 {>< Kg1} 17. Re1 $2 Bxg2 $1 $17) 16... f5 17. Nb5 Qf6 18. Qxf6 Rxf6
19. Bg5 Re6 20. Nxd6 Rxd6 21. Rad1 1/2-1/2

[Event "GER-ch 72nd"]
[Site "Heringsdorf"]
[Date "2000.11.21"]
[Round "5"]
[White "Enders, Peter"]
[Black "Berezovsky, Igor"]
[Result "1/2-1/2"]
[WhiteElo "2468"]
[BlackElo "2404"]
[Annotator "Ernst,T"]
[PlyCount "169"]
[EventDate "2000.11.17"]
[EventType "swiss"]
[EventRounds "9"]
[EventCountry "GER"]
[SourceTitle "CBM 080"]
[Source "ChessBase"]
[SourceDate "2001.01.25"]
[SourceVersion "1"]
[SourceVersionDate "2001.01.25"]
[SourceQuality "1"]

1. e4 e5 2. Nf3 Nf6 3. d4 Nxe4 4. Bd3 d5 5. Nxe5 Nd7 6. Nxd7 Bxd7 7. O-O Bd6 8.
c4 c6 9. cxd5 cxd5 10. Qh5 O-O 11. Qxd5 Bc6 12. Qh5 g6 13. Qh3 Bb4 (13... Ng5
14. Qg4 $1 $16 {Kasparov,Anand}) 14. Be3 Rc8 15. Na3 $6 Bxa3 16. bxa3 Re8 $13
17. Rfc1 a6 18. Qg4 Nf6 19. Qg5 Qd6 20. Bc4 Nd5 (20... Bd5 $44) 21. Bb3 Rcd8
22. a4 Rd7 23. a5 Rde7 24. Bxd5 Qxd5 $14 25. Qxd5 Bxd5 26. Rc5 Rd7 27. a3 f6
28. h3 Kf7 29. Rb1 Re6 30. Kh2 Bc6 31. Rbc1 Red6 32. g4 Rd5 33. Kg3 Rxc5 34.
Rxc5 Rd5 35. Rxd5 Bxd5 36. h4 h5 37. gxh5 gxh5 38. Kf4 Ke6 39. Bd2 Bb3 40. Bb4
Bd5 41. Bc5 Bb3 42. Bb6 Bc4 43. Bd8 Bb3 44. Ke3 Bd5 45. Kd3 Bf3 46. Kc4 Bd5+
47. Kc5 Bf3 48. Kb6 Be4 49. Kc7 Bf3 50. Kc8 Bc6 51. Bb6 Ke7 52. Bc5+ Ke6 53.
Kd8 Ba4 54. Bf8 Kf7 55. Bh6 Bc6 56. Bd2 Ke6 57. Be3 Ba4 58. Bh6 Bc6 59. Bg7 Ba4
60. Bh8 Bc6 61. Bg7 Kf7 62. Bh6 Ke6 63. Bd2 Ba4 64. Bc3 Bb5 65. Bb4 Ba4 66. Bf8
Kf7 67. Bh6 Ke6 68. Bg7 Bc6 69. Kc7 Bf3 70. Bh8 Be4 71. Kb6 Bd5 72. Bg7 Be4 73.
Kc5 Bf3 74. Bh8 Be4 75. Bg7 Bf3 76. Bh6 Bc6 77. Bf4 Bf3 78. Bc7 Bc6 79. Bd8 Bf3
80. Bb6 Bc6 81. Bc7 Bf3 82. Bd8 Be4 83. d5+ Bxd5 84. Bxf6 Bf3 85. Bd8 1/2-1/2

[Event "URS-ch58"]
[Site "Moscow"]
[Date "1991.??.??"]
[Round "2"]
[White "Ulybin, Mikhail"]
[Black "Sorokin, Maxim"]
[Result "1/2-1/2"]
[WhiteElo "2565"]
[BlackElo "2510"]
[Annotator "Ernst,T"]
[PlyCount "58"]
[EventDate "1991.11.??"]
[EventType "swiss"]
[EventRounds "11"]
[EventCountry "URS"]
[SourceTitle "URS-ch"]
[Source "ChessBase"]
[SourceDate "1999.07.01"]
[SourceVersion "1"]
[SourceVersionDate "1999.07.01"]
[SourceQuality "1"]

1. e4 {Schussler} e5 2. Nf3 Nf6 3. d4 exd4 4. e5 Ne4 5. Qxd4 d5 6. exd6 Nxd6 7.
Nc3 Nc6 8. Qf4 Nf5 $1 {Der Zug von Zajcev, der erstmals in der letzten
Weltmeisterschaft gespielt wurde.} 9. Bb5 $1 Bd6 10. Qe4+ Nfe7 {10.-De7
Kasparov - Karpov, Wm 1990} (10... Qe7 {Schussler Kasparov,G-Karpov,A (m10)
1990.} 11. Bd2 $5 Bd7 12. O-O-O Qxe4 13. Nxe4 Be7 14. Rhe1 O-O-O 15. Bc4 $14 {
(Azmajparashvili)}) 11. Bg5 h6 12. Bh4 Bf5 13. Qa4 O-O 14. O-O-O Qc8 15. Bg3
Rd8 16. Bxd6 Rxd6 17. Rxd6 cxd6 18. Re1 Be6 $14 19. Bd3 Qd7 20. Qf4 Rd8 21. Nd4
d5 22. Nce2 a6 23. a3 Qd6 24. Qxd6 Rxd6 25. f4 Kf8 26. h3 Bd7 27. c3 Nxd4 28.
Nxd4 Nc6 29. Kd2 g5 1/2-1/2

[Event "Candidates sf"]
[Site "Elista"]
[Date "2007.06.02"]
[Round "1.6"]
[White "Shirov, Alexei"]
[Black "Adams, Michael"]
[Result "1-0"]
[WhiteElo "2699"]
[BlackElo "2734"]
[Annotator "Ftacnik,L"]
[PlyCount "97"]
[EventDate "2007.05.27"]
[EventType "k.o."]
[EventRounds "12"]
[EventCountry "RUS"]
[SourceTitle "CBM 119"]
[Source "ChessBase"]
[SourceDate "2007.08.01"]
[SourceVersion "1"]
[SourceVersionDate "2007.08.01"]
[SourceQuality "1"]

1. e4 e5 2. Nf3 Nf6 3. d4 Nxe4 4. Bd3 d5 5. dxe5 Be7 6. O-O Bg4 7. Bxe4 {
This early parting with the bishop by White should not pose special problems
for Black as he will be left with the bishop pair.} dxe4 8. Qxd8+ Bxd8 9. Nd4 (
9. h3 Bd7 10. Ng5 Nc6 11. Nxe4 Nxe5 $11) 9... O-O 10. Nc3 Nd7 (10... f6 $5 11.
Bf4 (11. e6 c5 12. Ndb5 Bxe6 $11) 11... fxe5 12. Bxe5 Nd7 13. Bg3 Nc5 $11) 11.
h3 Bh5 (11... c5 12. Ndb5 (12. hxg4 cxd4 13. Rd1 Nxe5 14. Rxd4 Nxg4 15. Rxe4
$11) 12... Be6 13. Bf4 a6 14. Nd6 $14) 12. e6 fxe6 $2 {The defender was not
feeling the danger. After this significant concession the advantage will be
all Shirov's.} (12... Nc5 13. exf7+ Bxf7 14. Nb3 Nxb3 15. axb3 Bg6 16. Be3 a6
$11) 13. Nxe6 Re8 14. Nxd8 Raxd8 15. Bg5 Nf6 16. Rfe1 {White's advantage is
annoying, since the pawn on e4 will represent a lasting weakness.} Bg6 (16...
Rd4 17. g4 Bf7 18. Rad1 $14) 17. Rad1 Kf8 (17... Rxd1 18. Rxd1 Kf7 19. Bxf6
gxf6 20. Nb5 Rc8 21. Rd7+ Ke6 22. Rxc7 Rxc7 23. Nxc7+ Ke5 24. Kf1 $16) (17...
e3 18. Bxf6 gxf6 19. Rxe3 Rxd1+ 20. Nxd1 Rd8 21. Nc3 Rd2 22. Re7 $16) (17...
Kf7 18. Rxd8 Rxd8 19. Bxf6 gxf6 (19... Kxf6 20. Nxe4+ Bxe4 21. Rxe4 Rd1+ 22.
Kh2 Rd2 23. Rc4 $16) 20. Nxe4 $16) 18. Bxf6 gxf6 19. Nd5 e3 {Adams is able to
create counterplay with the help of the long-legged bishop.} (19... Rd6 20.
Nxc7 Rxd1 21. Rxd1 Rc8 22. Ne6+ Kf7 23. Nd4 $16) 20. Nxe3 c5 21. Kf1 Rd4 22. c3
(22. g4 Red8 23. Ke2 $16) 22... Bd3+ 23. Kg1 Rd6 24. Rd2 b5 25. Nc2 Red8 (25...
Rxe1+ $2 26. Nxe1 c4 27. Nxd3 cxd3 28. f4 $18) 26. Red1 Ke7 27. Ne1 Be4 (27...
c4 28. Nf3 Kf7 29. Nd4 $16) 28. Rxd6 Rxd6 29. Rxd6 Kxd6 {Black hopes to force
the advance of the pawn to a3 and then penetrate with his king towards the b2
square.} 30. Kf1 Kd5 31. Ke2 Bb1 32. a3 Kc4 33. Kd2 Be4 $6 {It is quite
possible, that this move is a decisive mistake and that Black has missed the
golden opportunity to complicate White's realisation of his advantage.} (33...
Kb3 $1 34. Kc1 Bg6 35. Nf3 b4 36. cxb4 cxb4 37. Nd2+ Ka4 38. axb4 Kxb4 39. Kd1
Bd3 40. Ke1 Kc5 (40... a5 41. f4 a4 42. Kf2) 41. f3 Kd4 42. Kf2 $16) 34. f3 Bg6
35. b4 $1 {An excellent key move than transfers the weakness to the b4-square.
The endgame has become won for White.} Kb3 (35... cxb4 36. axb4 Bb1 37. Nc2 $18
) (35... a6 36. h4 Bf7 37. Nd3 cxb4 38. axb4 $18) 36. bxc5 Kxa3 37. c6 Ka4 (
37... Bf5 38. c7 Ka4 (38... b4 39. Nc2+ $18) (38... Kb3 39. Nc2 Bd7 40. Nd4+
Kc4 41. Nc6 $18) 39. Nc2 Ka5 40. Ne3 Be6 41. Nd5 $18) 38. g4 Be8 39. c7 Bd7 40.
Nd3 Ka5 41. Nc5 Bc8 42. Ne4 $1 {In the end of the day White is targetting the
weak pawns on the kingside.} Kb6 (42... b4 43. Nd6 $18) 43. Nxf6 Kxc7 44. Nxh7
Kd6 45. h4 a5 46. h5 {The advantage of the two passed and extra pawns can not
be compensated for any more.} Ke7 47. Ng5 Bb7 48. h6 Kf6 49. f4 (49. f4 Bd5 50.
h7 Kg7 51. f5 Bc4 52. f6+ Kh8 53. f7 Bxf7 54. Nxf7+ Kxh7 55. Nd6 $18) 1-0

[Event "RUS-CHN Summit Men 4th"]
[Site "Nizhnij Novgorod"]
[Date "2007.08.23"]
[Round "4"]
[White "Inarkiev, Ernesto"]
[Black "Bu, Xiangzhi"]
[Result "1-0"]
[WhiteElo "2663"]
[BlackElo "2685"]
[Annotator "Ftacnik,L"]
[PlyCount "115"]
[EventDate "2007.08.20"]
[EventType "schev"]
[EventRounds "10"]
[EventCountry "RUS"]
[SourceTitle "CBM 120"]
[Source "ChessBase"]
[SourceDate "2007.10.02"]
[SourceVersion "1"]
[SourceVersionDate "2007.10.02"]
[SourceQuality "1"]

1. e4 e5 2. Nf3 Nf6 3. d4 exd4 4. e5 Ne4 5. Qxd4 d5 6. exd6 Nxd6 7. Nc3 Nc6 8.
Qf4 Nf5 9. Bd3 Bd6 10. Qe4+ Nfe7 {Black can be content with the outcome of the
opening. In the symmetrical position without central pawns there is no reason,
why White should obtain an advantage.} 11. Qe2 O-O 12. Bg5 h6 (12... Re8 13.
O-O-O h6 14. Bh4 g5 15. Bg3 g4 (15... Nd5 16. Qd2 Bf4 17. Bxf4 Nxf4 $11) 16.
Nd2 Nd5 17. Nde4 Nxc3 18. bxc3 Bf5 19. f3 $13) 13. Bh4 (13. Qe4 f5 (13... g6
14. Bxh6 Re8 15. O-O Nf5 16. Bg5 Rxe4 17. Bxd8 Re8 18. Bg5 $16) 14. Qc4+ Rf7
15. Be3 Ng6 $11) 13... Qe8 $5 {Interesting move, the queen is unpinning with a
move, that establishes opposition to her white counterpart.} 14. Bg3 Nf5 15.
Bxf5 (15. Bxd6 Nxd6 16. O-O-O Qxe2 17. Bxe2 Be6 $11) 15... Bxg3 (15... Bxf5 16.
Bxd6 cxd6 17. O-O-O Qxe2 18. Nxe2 Rfe8 $11) 16. Bxc8 Qxc8 17. hxg3 Re8 18. Ne4
f5 (18... Qe6 19. Nfd2 f5 20. O-O-O fxe4 21. Qc4 Qxc4 22. Nxc4 Re6 $11) 19. Rh4
$6 {The Russian team had a hard time in the match from the very first round
and this fact might have influenced extremely risky choice of defense for the
e4 knight.} (19. O-O-O fxe4 20. Nd4 Nxd4 21. Rxd4 Qe6 $11) 19... Qe6 20. Nfd2
g5 $1 21. Rh1 Nd4 22. Qd3 Rad8 {Inarkiev will have an extra pawn, but Black an
extremely active position.} 23. f3 (23. O-O-O fxe4 24. Qe3 Qc6 (24... Qxa2 25.
Rxh6 Re5 26. Rdh1 $16) 25. c3 Nf5 $15) 23... fxe4 24. fxe4 (24. Nxe4 Nxf3+ 25.
Qxf3 Qxe4+ 26. Qxe4 Rxe4+ 27. Kf1 Kg7 $17) 24... Qg4 (24... Kg7 25. Rf1 c5 $17)
25. a4 $5 {[%mdl 256] The defense was certainly not an easy task for White, a
single serious mistake would have immediately cost a whole point. The move in
the game aspires to enable protection for the vulnerable g3 pawn from the
square a3.} (25. Rxh6 Kg7 26. Rh3 Rf8 $15) (25. c3 $2 Nb3 $1 26. Qc4+ Kg7 27.
axb3 Qxg3+ 28. Kd1 Qxg2 29. Qxc7+ Kg6 $19) 25... Rd6 (25... Rf8 $1 26. Qc4+ (
26. Rxh6 $2 Nxc2+ $1 27. Qxc2 Qxg3+ 28. Ke2 Qf2+ 29. Kd1 Qf1#) 26... Kg7 27.
Ra3 Rf6 28. Rc3 Rd7 29. Rf1 Rb6 $1 $17) 26. Ra3 Red8 27. Rf1 $1 Ne6 (27...
Nxc2+ 28. Qxc2 Rxd2 29. Qc4+ (29. Qxd2 Rxd2 30. Kxd2 Qxe4 31. Rf2 Qd4+ 32. Ke1
c5 $17) 29... R2d5 (29... Kh8 30. Raf3 Rd1+ 31. Kf2 R1d4 32. Qf7 $11) 30. Kf2
Kh8 31. Kg1 Rd4 32. Qf7 Qxe4 33. Qf6+ $11) 28. Qf3 Qxf3 29. Nxf3 g4 {Bu
Xiangzi must have been very disappointed, his opponent has managed to survive
the great tempest without the loss of material.} 30. Nh4 (30. Ne5 Rd1+ 31. Ke2
R1d2+ 32. Ke1 Rxg2 33. Rf6 Nd4 34. Rc3 Rxc2 35. Nxg4 $15) 30... Rd1+ 31. Ke2
R1d2+ 32. Ke3 (32. Ke1 Rxc2 33. Rf6 Nd4 $15) 32... Rxc2 33. Rf6 Nc5 $6 {
The Chinese player enjoyed an unpleasant pull even in the endgame, but
gradually will drift astray.} (33... Nd4 $1 34. Rxh6 (34. Nf5 Nxf5+ 35. Rxf5
Rxg2 36. Kf4 Rxb2 $17) 34... Re2+ 35. Kf4 Re8 36. Kxg4 R8xe4+ 37. Kg5 $15) 34.
b4 Na6 35. Nf5 (35. b5 Nc5 36. Rxh6 Rdd2 $11) 35... Nxb4 36. Kf4 (36. Nxh6+ Kg7
37. Nxg4 Rc4 38. Kf3 Nc2 39. Ra2 Rd3+ 40. Ke2 Rxg3 $17) 36... Re8 $2 {After
the very positive experience in the middlegame Black was not able to get
scared enough from the prospect of falling from grace. Actually the clumsy way
of attacking the e4 pawn is leading him to the edge of an abyss.} (36... Nd3+
37. Kxg4 Ne5+ 38. Kh5 Rc4 39. Nxh6+ Kg7 40. Re6 Rxe4 $13) (36... h5 37. Kg5 Re8
38. Rg6+ $11) 37. Nxh6+ Kg7 38. Kg5 Rxe4 39. Ra1 $1 {The rook on a3 has
fullfilled all defensive tasks and plans to join the attack via h1 square.} (
39. Nf5+ Kg8 40. Ra1 Rc6 41. Nh6+ Kg7 42. Rf7+ Kh8 43. Nf5 $18) (39. Rf7+ Kh8
40. Ra1 Rc5+ 41. Nf5 Kg8 42. Rg7+ Kf8 43. Rh1 Rxf5+ 44. Kxf5 Kxg7 45. Kxe4 $16)
39... Rc5+ (39... Rc6 40. Rf7+ Kh8 41. Nf5 $18) 40. Nf5+ Rxf5+ (40... Kg8 41.
Rh1 $18) 41. Rxf5 Nc6 (41... Nd3 42. Rd5 Re5+ 43. Rxe5 Nxe5 44. Rd1 $18) 42.
Rf4 {The technical part of converting the advantage will be conducted by
Inarkiev with a firm hand, Black is without hope.} Re2 (42... Re5+ 43. Kxg4 Ne7
44. Rff1 $18) 43. Rb1 Nd8 (43... b6 44. Rc1 Re6 45. Rxg4 $18) 44. Kxg4 Ne6 (
44... c5 45. Rf5 b6 46. Rbf1 $18) 45. Rff1 Ra2 (45... Nc5 46. Rbe1 Rxe1 47.
Rxe1 Kf6 48. Rc1 $18) 46. Rxb7 Rxa4+ 47. Kf5 Nd4+ 48. Ke5 Nc6+ 49. Kd5 Ne7+ 50.
Kc5 {The king in the endgame has every right to pretend beeing an active piece.
} (50. Ke6 Re4+ 51. Kd7 Re2 52. Rxa7 $18) 50... Kg6 51. Rxc7 Nf5 52. Kb5 Rd4 (
52... Nxg3 53. Kxa4 Nxf1 54. Rc3 $18) 53. Rc6+ Rd6 54. Rxd6+ Nxd6+ 55. Kc5 Ne4+
56. Kd4 Nxg3 57. Ra1 Nf5+ 58. Ke4 1-0

[Event "Hoogovens"]
[Site "Wijk aan Zee"]
[Date "1998.01.27"]
[Round "10"]
[White "Shirov, Alexei"]
[Black "Timman, Jan H"]
[Result "1-0"]
[WhiteElo "2710"]
[BlackElo "2635"]
[Annotator "Ftacnik,L"]
[PlyCount "103"]
[EventDate "1998.01.16"]
[EventType "tourn"]
[EventRounds "13"]
[EventCountry "NED"]
[EventCategory "17"]
[SourceTitle "CBM 063"]
[Source "ChessBase"]
[SourceDate "1998.03.26"]
[SourceVersion "1"]
[SourceVersionDate "1998.03.26"]
[SourceQuality "1"]

1. e4 e5 2. Nf3 Nf6 3. d4 Nxe4 4. Bd3 Nc6 {This shocking move has become so
usual, that nobody is surprised any more.} 5. Nxe5 (5. Bxe4 d5 6. Nxe5 dxe4 7.
Nxc6 bxc6 8. O-O Bd6 9. Re1 O-O 10. Nd2 $11 {1-0 Hracek,Z-Barua,D/Moscow olm
CZE-IND 1994 (32)}) (5. d5 Nc5 6. dxc6 e4 7. cxb7 Bxb7 8. Be2 exf3 9. Bxf3 Qe7+
10. Be3 Bxf3 11. Qxf3 Qe4 12. Qxe4+ Nxe4 13. O-O a6 14. Re1 O-O-O 15. f3 Nc5
16. Nc3 {1-0 Jansa,V-Jose Queralto,D/Andorra 1996 (24)}) (5. O-O d5 6. c4 Nxd4
$1 $10) 5... Nxe5 (5... Nc5 6. O-O Nxd3 7. Qxd3 Be7 8. Re1 O-O 9. Bf4 Bf6 10.
c3 d6 11. Nxc6 bxc6 12. Nd2 Be6 13. Qa6 Qd7 14. b3 h6 15. Qa5 g5 {1/2-1/2
Krakops,M-Pavasovic,D/WchJM-U20 1995/}) 6. Bxe4 (6. dxe5 Nc5 7. Bf4 (7. O-O d6
8. Bf4 dxe5 9. Bxe5 Nxd3 10. cxd3 Be6 11. Re1 Bd6 12. Bxg7 Rg8 13. Qh5 Qd7 14.
Bf6 Rg6 15. Bh4 f6 16. Nc3 O-O-O 17. Ne4 Be5 18. Qe2 Rdg8 19. Bg3 {1-0 Krakops,
M-Oral,T/Berliner Sommer 1995/ (31)}) 7... d5 8. exd6 Bxd6 9. Bb5+ Ke7 10.
Bxd6+ Qxd6 11. Nc3 Qxd1+ 12. Rxd1 c6 13. Be2 Bf5 14. Nd5+ cxd5 15. Rxd5 Bxc2
16. Rxc5 Rac8 17. Rd5 Bb1 18. O-O Bxa2 19. Ra5 Bc4 20. Bxc4 Rxc4 21. Rxa7 Rb4
$11 {Thoma,C-Toth,B/Badenweiler op 1995/1/2-1/2 (47)}) 6... d5 7. dxe5 dxe4 8.
Qxd8+ Kxd8 9. Nc3 Bb4 (9... Bf5 10. Bg5+ (10. Be3 Kc8 11. O-O-O b6 {/\K} 12.
Rd4 Bc5 13. Rc4 Bxe3+ 14. fxe3 Kb7 15. Rf1 Bg6 16. Nd5 Rhd8 17. Ne7 Rd7 18.
Nxg6 fxg6 $6 (18... hxg6 $142) 19. Rxe4 Re7 20. e6 Rae8 21. Rf7 Rxe6 (21... Kc6
$1 {/\[+]K}) 22. Rxe6 Rxe6 {1-0 Leko,P-Timman,J/Ubeda 1997/ (34)}) 10... Kc8
11. O-O-O Bc5 12. Rhf1 h6 13. Be3 Bxe3+ 14. fxe3 Be6 15. Nxe4 b6 16. Ng3 g6 17.
Ne2 Bc4 18. Rd2 $16 {1-0 Bezgodov,A-Appleberry,M/Budapest FS06 GM 1996/ (27)})
10. Bg5+ (10. Bd2 Re8 11. Bg5+ Be7 12. O-O-O+ $16 {1/2-1/2 Vagner,M-Brazina,D/
Moravia-ch op 1994 (35)}) 10... Ke8 11. O-O-O {Black has two bishops, but is
in a danger of losing important e4 pawn.} Bg4 (11... Be6 12. Nxe4 Bxa2 13. b3
$16) 12. Rd4 Bxc3 13. bxc3 h6 (13... Bf5 14. Rhd1 f6 15. exf6 $16) 14. Rxe4 $5
$146 (14. Bh4 g5 15. Bg3 Bf5 16. Rhd1 Ke7 17. e6 Bxe6 18. Bxc7 f5 19. g4 Rhc8
20. gxf5 Bxf5 21. Ba5 Kf7 22. Rd5 Be6 23. Re5 Rc6 24. Rxe4 $14 {Schroll,
G-Herndl,H/AUT-chT9697 1996/1/2-1/2 (74)}) 14... Bh3 (14... hxg5 15. Rxg4 Rh5
16. h4 $16) (14... Bf5 $5 15. Rh4 $14) 15. gxh3 hxg5 16. Rg1 {White is pawn up,
but his soldiers are quite weak. Fortunately black has lot of problems with
taming opponents initiative.} Rxh3 (16... Rh5 17. h4 $1 Rxh4 18. Rxh4 gxh4 19.
Rxg7 $16) 17. Rxg5 Kf8 (17... Rxh2 $5 18. Rxg7 Kf8 19. Reg4 Rd8 20. Rg8+ Ke7
21. Rxd8 Kxd8 22. f4 $14) 18. Reg4 Re8 (18... g6 19. e6 Re8 20. exf7 Kxf7 21.
Rxg6 $16) 19. Rxg7 (19. f4 g6 20. Rg2 Rxc3 $11) 19... Rxe5 20. Rg8+ Ke7 21. Rc4
{Black will have lot of worries about the queenside pawns.} c5 (21... Rxh2 $5
22. Rxc7+ Kf6 23. Rb8 Rf5 $1 24. Rbxb7 Kg6 25. Rxa7 Rfxf2 26. Kb2 Rxc2+ 27. Kb3
Rb2+ 28. Kc4 Rxa2 29. Rxf7 $16) 22. Rb8 Rf3 (22... Rxh2 23. Rxb7+ Ke6 24. Rf4
f5 25. Rxa7 $16) (22... b6 23. Ra4 a5 24. Rxb6 Rxh2 25. Rxa5 Rxf2 26. Rb7+ Kd6
27. Ra6+ Kd5 28. Rd7+ Kc4 (28... Ke4 29. Ra4+ Ke3 30. Rd3+ Ke2 31. Rd2+ Ke1 32.
Rxf2 Kxf2 33. Rf4+ Ke3 34. Rxf7 $18) 29. Ra4+ Kb5 30. Rda7 $18) 23. Rxb7+ Kd6
24. Ra4 $1 (24. Rxa7 Rxf2 25. Kb2 Ree2 $14) 24... Rxf2 25. Ra6+ Kd5 26. Rd7+ $1
{Black king is a vulnerable bird obstructing his own rooks.} Ke4 (26... Kc4 27.
Ra4+ Kb5 (27... Kxc3 $4 28. Rd3#) 28. Rdxa7 $18) 27. Ra4+ Ke3 (27... Kf3 28.
Rxf7+ $18) 28. Rd3+ Ke2 29. Rd2+ Kf1 30. Rxf2+ Kxf2 31. Rf4+ Ke3 (31... Kg2 32.
Rxf7 a6 33. Rh7 $18) 32. Rxf7 a5 33. Ra7 Ke4 (33... c4 34. Rh7 $18) 34. Rxa5
Kd5 35. Ra4 Re3 (35... Rh5 36. h4 $18) 36. Rh4 (36. Kb2 $6 Rh3 $16) 36... Rxc3
37. Kb2 Rf3 38. Rh8 Rf7 39. a4 Rf4 (39... Rb7+ 40. Kc3 Ra7 41. Rh4 $18) 40. a5
Rb4+ (40... Ra4 41. Rh5+ Kc6 42. a6 Kb5 43. Rh6 $18) 41. Kc1 (41. Kc3 Rc4+)
41... Ra4 42. Rh5+ Kc6 43. a6 Kb6 (43... Rxa6 44. Rh6+ Kb5 45. Rxa6 $18) 44.
Rh6+ Ka7 45. Kb2 Rf4 46. Kb3 Rb4+ 47. Kc3 Rf4 48. h4 Rg4 49. h5 Rh4 50. Kb2 Rh3
(50... Rb4+ 51. Kc1 Rh4 52. c3 Rh2 53. Kb1 $18) 51. c4 Rh2+ (51... Re3 52. Rc6
Rh3 53. h6 Ka8 54. Kc2 Ka7 55. Kd2 Ka8 56. Rc8+ Ka7 57. Rh8 Kxa6 58. h7 Kb7 59.
Ke2 $18) 52. Ka3 (52. Ka3 Rh4 53. Kb3 Rg4 54. Rc6 Rh4 55. h6 $18) 1-0

[Event "Lido Estensi op 3rd"]
[Site "Lido Estensi"]
[Date "2002.06.15"]
[Round "8"]
[White "Glek, Igor Vladimirovich"]
[Black "Timoscenko, Gennadij A"]
[Result "1-0"]
[WhiteElo "2605"]
[BlackElo "2522"]
[Annotator "Glek,I"]
[PlyCount "45"]
[EventDate "2002.06.07"]
[EventType "swiss"]
[EventRounds "9"]
[EventCountry "ITA"]
[SourceTitle "CBM 088 Extra"]
[Source "ChessBase"]
[SourceDate "2002.07.01"]
[SourceVersion "2"]
[SourceVersionDate "2002.07.01"]
[SourceQuality "1"]

1. e4 e5 2. Nf3 Nf6 3. d4 Nxe4 4. dxe5 d5 5. Nbd2 Nxd2 6. Qxd2 Bc5 7. Bd3 O-O
8. O-O (8. b4 $5) 8... f6 $6 (8... Nc6 $142) 9. c4 $1 dxc4 10. Bxc4+ Kh8 11.
exf6 (11. Qxd8 Rxd8 12. exf6 gxf6 13. Bf4 $14) (11. e6) 11... Qxf6 12. Qd5 (12.
Ng5 Nc6) 12... Bb6 (12... Nd7 $142 13. Qh5 (13. Ng5 Bxf2+ 14. Kh1 Nb6 15. Nf7+
Kg8 16. Nh6+ Kh8 $11) 13... g6 (13... Qb6 14. Bd3 Nf6 15. Qh4 Be6 16. Bg5 h6
17. Bxh6 gxh6 18. Qxh6+ Kg8 19. Ng5 $16 Rf7 20. Nxe6 Qxe6 21. Qg5+ Rg7 22. Qxc5
Rxg2+ 23. Kh1 Qh3 24. Qc4+ Kh8 25. Qf4 Rag8 26. Rg1 $16) 14. Qh6 Qg7 15. Qh4 (
15. Bd2 Be7 16. Bc3 Bf6 17. Bxf6 Nxf6 18. Qxg7+ Kxg7 19. Rfe1 Re8 20. Rxe8 Nxe8
21. Re1 Kf8 22. Ne5 Nd6 23. Bb3 $14) 15... Be7 16. Bg5 Bxg5 17. Nxg5 Ne5 18.
Be6 Re8 19. Bd5 c6 20. f4 cxd5 21. fxe5 Bf5 22. g4 Be6 23. Rf6 Bg8 24. Raf1 Re7
25. e6 Rae8 26. Nf7+ Bxf7 27. exf7 Rf8 28. Qf2 h6 (28... Qh6 29. Qxa7)) (12...
Qc6 13. Be3 $1 $16) 13. Bg5 $1 $16 c6 (13... Qc6 14. Be7 (14. Ne5) (14. Rae1))
14. Qd2 Qf5 (14... Qg6 15. Ne5 Qh5 16. Be7 $18) 15. Rae1 $18 (15. Be7) 15...
Na6 16. Ne5 Bc7 17. g4 Qxe5 18. Rxe5 Bxe5 19. Re1 Bc7 20. Re7 Bd8 21. Rf7 Rg8
22. Bxd8 Be6 23. Bxe6 1-0